ՀՀ Գիտությունների ազգային ակադեմիայի հիմնարար գիտական գրադարան  =   Fundamental Scientific Library of NAS RA

Основы фазометрии / (Record no. 47530)

MARC details
000 -LEADER
fixed length control field 00676nam a2200193 a 4500
001 - CONTROL NUMBER
control field 000141477
003 - CONTROL NUMBER IDENTIFIER
control field AM-YEHGA
005 - DATE AND TIME OF LATEST TRANSACTION
control field 20250617122920.0
008 - FIXED-LENGTH DATA ELEMENTS--GENERAL INFORMATION
fixed length control field 030329s1976 ||||||||||||||||||||rus d
040 ## - CATALOGING SOURCE
Original cataloging agency AM-YeHGA
090 ## - LOCALLY ASSIGNED LC-TYPE CALL NUMBER (OCLC); LOCAL CALL NUMBER (RLIN)
-- 48287
100 1# - MAIN ENTRY--PERSONAL NAME
Personal name Галахова, Ольга Петровна
245 10 - TITLE STATEMENT
Title Основы фазометрии /
Statement of responsibility, etc. О.П. Галахова и др.
260 ## - PUBLICATION, DISTRIBUTION, ETC.
Place of publication, distribution, etc. Ленинград :
Name of publisher, distributor, etc. Энергия,
Date of publication, distribution, etc. 1976.
300 ## - PHYSICAL DESCRIPTION
Extent 256 с.
650 14 - SUBJECT ADDED ENTRY--TOPICAL TERM
Topical term or geographic name entry element Электроизмерительная техника
700 1# - ADDED ENTRY--PERSONAL NAME
Personal name Колтик, Евгений Дмитриевич
700 1# - ADDED ENTRY--PERSONAL NAME
Personal name Кравченко, Святослав Анатольевич
Holdings
Withdrawn status Lost status Damaged status Not for loan Collection Home library Current library Date acquired Total checkouts Full call number Barcode Date last seen Price effective from Koha item type Public note
        General Fundamental Scientific Library Fundamental Scientific Library 21/12/2016   РII/385944 FL0371925 21/12/2016 21/12/2016 Գրքեր / Books 30 Days Loan
        General Fundamental Scientific Library Fundamental Scientific Library 21/12/2016   РII/391100 FL0386387 21/12/2016 21/12/2016 Գրքեր / Books 30 Days Loan


ՀՀ ԳԱԱ հիմնարար գիտական գրադարան
ՀՀ,Երևան 0019
Մարշալ Բաղրամյան 24/6
հեռախոս:(374-10) 52-47-50
Հետադարձ կապ

All site content, except where otherwise noted, is licensed under a
Creative Commons License